[Event "Oslo CC-chB"]
[Site "Oslo"]
[Date "2018.11.15"]
[Round "8"]
[White "Cross, Jamie"]
[Black "Selvik, Kjetil"]
[Result "1-0"]
[WhiteElo "1709"]
[BlackElo "1478"]
[PlyCount "97"]
[EventDate "2018.09.06"]
[EventType "swiss"]
[EventRounds "9"]
[EventCountry "NOR"]
[SourceTitle "EXT 2024"]
[Source "ChessBase"]
[SourceDate "2023.10.10"]
[SourceVersion "1"]
[SourceVersionDate "2023.10.10"]
[SourceQuality "1"]

1. e4 c5 2. c3 Nf6 3. e5 Nd5 4. d4 e6 5. Nf3 cxd4 6. cxd4 Be7 7. Bc4 Nb6 8. Bd3 0-0 9. 0-0 d6 10. Nc3 dxe5 11. Nxe5 Nc6 12. Be3 Bf6 13. Nxc6 bxc6 14. Qh5 g6 15. Qc5 Bb7 16. Ne4 Be7 17. Qa5 Nd5 18. Qxd8 Rfxd8 19. Rac1 Nb4 20. Bb1 Ba6 21. Rfd1 Rac8 22. Nc5 Be2 23. Rd2 Bg4 24. a3 Nd5 25. h3 Bf5 26. Bxf5 exf5 27. Nd3 Nxe3 28. fxe3 Bg5 29. Kf2 Rxd4 30. exd4 Bxd2 31. Rc2 Ba5 32. Ne5 c5 33. dxc5 Bb6 34. b4 Bd8 35. b5 Bf6 36. Nc6 Rc7 37. a4 Kf8 38. Rd2 Ke8 39. Rd6 Bg5 40. b6 axb6 41. cxb6 Rb7 42. a5 Be7 43. Rd5 f6 44. Nxe7 Kxe7 45. Rb5 Kd8 46. a6 Rb8 47. a7 Rc8 48. b7 Rc2+ 49. Kg1 1-0